<The> Working poor in post-communist EU: what can social policy change?
Výskum chudoby v postkomunistickej Európe bol menej rozvinutý než v západnej Európe. Aj keď v uplynulom období možno sledovať dobiehanie v tomto smere, výskum pracujúcej chudoby je v postkomunistickej časti EÚ stále v značnom omeškaní. Pohľad na vývoj pracujúcej chudoby a porovnanie so západnou...
Guardado en:
| Autor principal: | |
|---|---|
| Formato: | Capítulo de libro |
| Lenguaje: | inglés |
| Materias: | |
| Etiquetas: |
Sin Etiquetas, Sea el primero en etiquetar este registro!
|
MARC
| LEADER | 00000naa a2200000 4500 | ||
|---|---|---|---|
| 001 | 0237914 | ||
| 005 | 20220805075531.0 | ||
| 041 | 0 | |a eng | |
| 044 | |a SK | ||
| 245 | 1 | 0 | |a <The> Working poor in post-communist EU: what can social policy change? |c Pavol Baboš |
| 520 | |a Výskum chudoby v postkomunistickej Európe bol menej rozvinutý než v západnej Európe. Aj keď v uplynulom období možno sledovať dobiehanie v tomto smere, výskum pracujúcej chudoby je v postkomunistickej časti EÚ stále v značnom omeškaní. Pohľad na vývoj pracujúcej chudoby a porovnanie so západnou EÚ. Možné faktory, ktoré prispievajú k úniku zo stavu pracujúcej chudoby. | ||
| 610 | 2 | 0 | |a Európska únia |
| 610 | 2 | 0 | |a politika sociálna |
| 610 | 2 | 0 | |a chudoba |
| 610 | 2 | 0 | |a kríza hospodárska |
| 610 | 2 | 0 | |a zamestnanci |
| 610 | 2 | 0 | |a stredná Európa |
| 610 | 2 | 0 | |a východná Európa |
| 100 | 1 | |a Baboš, Pavol | |